[Event "Montebelluna op-B 5th"]
[Site "Montebelluna"]
[Date "2007.03.10"]
[Round "2"]
[White "Filippi, Simone"]
[Black "Bressan, Paolo"]
[Result "1/2-1/2"]
[WhiteElo "1398"]
[BlackElo "1484"]
[PlyCount "61"]
[EventDate "2007.03.09"]
[EventType "swiss"]
[EventRounds "5"]
[EventCountry "ITA"]
[SourceTitle "EXT 2008"]
[Source "ChessBase"]
[SourceDate "2007.11.25"]
[SourceVersion "1"]
[SourceVersionDate "2007.11.25"]
[SourceQuality "1"]

1. e4 e5 2. Nf3 Nc6 3. Nc3 Nf6 4. Bc4 Bc5 5. 0-0 0-0 6. h3 a6 7. a4 h6 8. b3 d6 9. Bb2 Re8 10. Nd5 Nxe4 11. d3 Nf6 12. Nc3 d5 13. b4 Bxb4 14. Bb3 Bxc3 15. Bxc3 d4 16. Bb2 Be6 17. c3 dxc3 18. Bxc3 Bxb3 19. Qxb3 Rb8 20. Rfd1 Nd4 21. Bxd4 exd4 22. Qc4 b5 23. axb5 axb5 24. Qxd4 Qxd4 25. Nxd4 c5 26. Nf5 Red8 27. Ne7+ Kf8 28. Nc6 Nd7 29. Nxd8 Rxd8 30. Rab1 b4 31. d4 1/2-1/2

[Event "Treviso TWE op-B 30th"]
[Site "Treviso"]
[Date "2006.12.10"]
[Round "5.16"]
[White "Bressan, Paolo"]
[Black "De Marchi, Alessandro"]
[Result "1-0"]
[WhiteElo "1460"]
[BlackElo "1570"]
[PlyCount "45"]
[EventDate "2006.12.08"]
[EventType "swiss"]
[EventRounds "5"]
[EventCountry "ITA"]
[SourceTitle "EXT 2024"]
[Source "ChessBase"]
[SourceDate "2023.10.10"]
[SourceVersion "1"]
[SourceVersionDate "2023.10.10"]
[SourceQuality "1"]

1. e4 c5 2. Nf3 Nc6 3. d4 cxd4 4. Nxd4 e6 5. Be3 Nge7 6. Nc3 a6 7. Bc4 g6 8. Qd2 Bg7 9. a3 Qc7 10. Ba2 b5 11. 0-0 Na5 12. Rad1 Nc4 13. Bxc4 Qxc4 14. b3 Qc7 15. b4 h6 16. f4 Bb7 17. Qd3 Rc8 18. Ncxb5 axb5 19. Nxb5 Qc6 20. Nd6+ Kf8 21. Nxc8 Nxc8 22. Qxd7 Qxd7 23. Rxd7 1-0